000 00648nam a2200217Ia 4500
005 20260122095416.0
008 260121s9999||||xx |||||||||||||| ||und||
020 _a9789391928209
082 _a954.025
_bALL
100 _aAllami, Abu L-Fazl
245 0 _aAin-I Akbari :
_bthe complete English translation, Vol. 2 /
250 _a1st ed.
260 _aNew Delhi :
_bManohar Publishers and Distributors,
_c2024.
300 _axix, 420p.; hb
440 _vVol. 2
650 _aIndia—Administration—History
650 _aIndia—History—Mughal Empire1526–1765
700 _aJarrett, H.S.
700 _aSarkar, Jadu Nath
942 _cTB
999 _c47421
_d47421